<?xml version="1.0" encoding="UTF-8"?>
<record
    xmlns:xsi="http://www.w3.org/2001/XMLSchema-instance"
    xsi:schemaLocation="http://www.loc.gov/MARC21/slim http://www.loc.gov/standards/marcxml/schema/MARC21slim.xsd"
    xmlns="http://www.loc.gov/MARC21/slim">

  <leader>01047nam a2200241 a 4500</leader>
  <controlfield tag="001">BRCA_887</controlfield>
  <controlfield tag="005">20190320203207.0</controlfield>
  <controlfield tag="008">311005s1991----fi-a---###---#000-0#eng-d</controlfield>
  <datafield tag="020" ind1=" " ind2=" ">
    <subfield code="a">8440493622</subfield>
  </datafield>
  <datafield tag="050" ind1=" " ind2="4">
    <subfield code="a">NK5157</subfield>
    <subfield code="b">.V53</subfield>
    <subfield code="c">1991</subfield>
  </datafield>
  <datafield tag="245" ind1="1" ind2="0">
    <subfield code="a">Vidrio finland&#xE9;s contempor&#xE1;neo = Contemporary Finish Glass.</subfield>
  </datafield>
  <datafield tag="260" ind1=" " ind2=" ">
    <subfield code="a">Finlandia</subfield>
    <subfield code="b">Fundaci&#xF3;n Centro Nacional del Vidrio : Real F&#xE1;brica de Cristales de la Granja</subfield>
    <subfield code="c">1991</subfield>
  </datafield>
  <datafield tag="300" ind1=" " ind2=" ">
    <subfield code="a">93 p.</subfield>
    <subfield code="b">il. (algunas a color)</subfield>
    <subfield code="c">30 cm.</subfield>
  </datafield>
  <datafield tag="440" ind1=" " ind2="0">
    <subfield code="a">v-91</subfield>
    <subfield code="v">c-3</subfield>
    <subfield code="9">2952</subfield>
  </datafield>
  <datafield tag="500" ind1=" " ind2=" ">
    <subfield code="a">Cat&#xE1;logo de la exposici&#xF3;n organizada por el Museo de Artes Decorativas de Helsinki y la Fundaci&#xF3;n Centro Nacional del Vidrio, Real F&#xE1;brica de Cristales de la Granja</subfield>
  </datafield>
  <datafield tag="500" ind1=" " ind2=" ">
    <subfield code="a">Incluye &#xED;ndice de fotograf&#xED;as</subfield>
  </datafield>
  <datafield tag="546" ind1=" " ind2=" ">
    <subfield code="a">Texto en : espa&#xF1;ol e ingl&#xE9;s</subfield>
  </datafield>
  <datafield tag="650" ind1="1" ind2="4">
    <subfield code="a">Real F&#xE1;brica de Cristales</subfield>
    <subfield code="v">Exposiciones</subfield>
    <subfield code="z">Finlandia</subfield>
    <subfield code="9">2953</subfield>
  </datafield>
  <datafield tag="650" ind1="1" ind2="4">
    <subfield code="a">Industr&#xED;a vidriera</subfield>
    <subfield code="v">Exposiciones</subfield>
    <subfield code="z">Finlandia</subfield>
    <subfield code="9">2954</subfield>
  </datafield>
  <datafield tag="710" ind1="2" ind2=" ">
    <subfield code="a">Museo Nacional de Artes Decorativas de Helsinki</subfield>
    <subfield code="9">2955</subfield>
  </datafield>
  <datafield tag="740" ind1="0" ind2=" ">
    <subfield code="a">Contemporary Finish Glass</subfield>
  </datafield>
  <datafield tag="942" ind1=" " ind2=" ">
    <subfield code="2">lcc</subfield>
    <subfield code="c">B</subfield>
  </datafield>
  <datafield tag="999" ind1=" " ind2=" ">
    <subfield code="c">781</subfield>
    <subfield code="d">781</subfield>
  </datafield>
  <datafield tag="952" ind1=" " ind2=" ">
    <subfield code="0">0</subfield>
    <subfield code="1">0</subfield>
    <subfield code="4">0</subfield>
    <subfield code="7">0</subfield>
    <subfield code="a">BRCA</subfield>
    <subfield code="b">BRCA</subfield>
    <subfield code="d">2008-06-26</subfield>
    <subfield code="l">0</subfield>
    <subfield code="o">NK5157 .V53 1991</subfield>
    <subfield code="p">01361</subfield>
    <subfield code="r">2019-03-22 00:00:00</subfield>
    <subfield code="w">2019-03-22</subfield>
    <subfield code="y">B</subfield>
  </datafield>
</record>
